000 01861cam a2200469 a 4500
001 22240
003 VRT
005 20260323143330.0
008 240226s2003 xo gr 000 f slo
015 _aSNBA2003/07-02180
020 _a8055105324
_q(viazané)
035 _aSNK000414300
035 _aurn:nbn:sk:snk-am3j1h1
035 _aEA5E3263-AA68-438A-8B82-010B74612D93
035 _aurn:nbn:sk:snk-am00gefc
039 9 _a202406230839
_bcsnk01
_c202402261503
_dVLOAD
_c202401161303
_dAUTHORITY
_c202205091514
_dVLOAD
040 _aSNK
_bslo
_cSNK
_eAACR2
041 1 _aslo
_heng
044 _axo
_cSK
072 7 _a821.111(73)-3
_xAmerická próza
_2konspekt
080 _a821.111(73)-31
_22011
080 _a(0:82-312.5)
_22011
100 1 _aBrown, Sandra,
_d1948-
_4aut
240 1 0 _aSunny Chandler's return
_lSlovensky
245 1 0 _aNávrat Sunny Chandlerovej
_cSandra Brownová ; z anglického originálu Sunny Chandler's return ... preložila Lucia Nižníková-Kollárová
250 _a[1. vydanie]
260 _aBratislava
_bIkar
_c2003
300 _a167 strán
_c21 cm
500 _aVydal Ikar Bratislava pre Media klub
655 7 _aamerické romány
_2SNKPH
655 7 _aľúbostné romány
_2SNKPH
700 1 _aNižníková-Kollárová, Lucia,
_d1976-
_4trl
710 2 _aMedia klub
_4pbl
942 _2ddc
_cKLDO
_n0
949 _617A0395826
_9P60, <03>, [BOOK], {603}
_asnkSC 112806
_bsnkKSP 10985/2003
_s6100:20210507
949 _617A0396001
_9P60, <05>, [BOOK], {605}
_asnkSC 112806 D1
_bsnkKSP 11206/2003
949 _62889120188
_asavukPV 6081
949 _6270001000213156
_asvkbbA 107651
_bsvkbbm 650151
_p650.151
949 _6273K0490882
_asvkpoA 186356
_bsvkpo465583
_qPoškodená - špinavá vo vnútri
_rPoškodená - špinavá vo vnútri
999 _c22240
_d22240